ბათუმის შოთა რუსთაველის სახელმწიფო უნივერსიტეტის ბიბლიოთეკა

ამერიკული ნოველა 2 ტომად. ტ. 1 / (ბიბ.ჩანაწერი № 55949)

000 -ლიდერი
ფიქსირებული სიგრძის საკონტროლო ველი 01118nam a2200241Ia 4500
001 - საკონტროლო ნომერი
საკონტროლო ველი 23048
003 - საკონტროლო ნომრის იდენტიფიკატორი
საკონტროლო ველი GE_BSU
005 - ბოლო ოპერაციის თარიღი და დრო
საკონტროლო ველი 20230630140914.0
008 - ფიქსირებული სიგრძის მონაცემთა ელემენტები - ზოგადი ინფორმაცია
ფიქსირებული სიგრძის საკონტროლო ველი 181216s1967||||ge |||||||||||||| ||geo||
040 ## - კატალოგიზაციის წყარო
Transcribing agency GE_BSU
041 ## - ენის კოდი
Language code of text/sound track or separate title geo
080 ## - უნივერსალური ათობითი კლასიფიკაციის ინდექსი
Universal Decimal Classification number 821.111(73)-32 ა-57
245 ## - ცნობა სათაურის შესახებ
Title ამერიკული ნოველა 2 ტომად. ტ. 1 /
Statement of responsibility, etc ც. თოფურიძის წინასიტყვაობით ; რედ. ლ. ელიოზაშვილი ; მხატ. ნ. იანქოშვილი.
264 ## - წარმოების, გამოცემის, დისტრიბუციის და სხვა ცნობები
გამოცემის, წარმოების, დისტრიბუციის... ადგილი თბილისი :
გამოცემის, წარმოების, დისტრიბუციის... სახელწოდება საბჭ. საქართველო,
გამოცემის, წარმოების, დისტრიბუციის... თარიღი 1967.
300 ## - ფიზიკური აღწერა
Extent 546 გვ. ;
Dimensions 21სმ.
490 ## - სერიის ცნობა
Series statement მსოფლიოს ნოველა
653 ## - INDEX TERM--UNCONTROLLED
Uncontrolled term ამერიკული ნოველა 2 ტომად. ტ. 1
653 ## - INDEX TERM--UNCONTROLLED
Uncontrolled term მხატვრული ლიტერატურა
700 ## - ADDED ENTRY--PERSONAL NAME
Personal name ელიოზაშვილი, ლ.
Relator term რედაქტორი
9 (RLIN) 19115
700 ## - ADDED ENTRY--PERSONAL NAME
Personal name იანქოშვილი, ნ.
Relator term მხატვარი
9 (RLIN) 4809
942 ## - ADDED ENTRY ELEMENTS (KOHA)
Koha item type წიგნი
Source of classification or shelving scheme
ეგზემპლარები
ჩამოწერის სტატუსი დაკარგული ეგზემპლარის სტატუსი კლასიფიკაციის წყარო ან თაროზე გაწყობის სქემა დაზიანების სტატუსი არ გაიცემა მუდმივი მდებარეობა (დაცვის ადგილი) ამჟამინდელი ადგილსამყოფელი თაროზე განთავსების ადგილი შეძენის თარიღი ღირებულება, შესყიდვის ნორმალური ფასი სრული შენახვის შიფრი შტრიხკოდი ბოლო ოპერაციის თარიღი ეგზემპლარის მიმდევრობითი ნომერი (კეტერი?) ფასის ძალაში შესვლის თარიღი ეგზემპლარის სახეობა საჯარო შენიშვნა
          ბათუმის შოთა რუსთაველის სახელმწიფო უნივერსიტეტის მთავარი ბიბლიოთეკა ბათუმის შოთა რუსთაველის სახელმწიფო უნივერსიტეტის მთავარი ბიბლიოთეკა წიგნსაცავი 2018-12-17 1.96 821.111(73)-32 ა-57 58472 2018-12-17 58472 2018-12-17 წიგნი 1.96 ₾.